[Event "Ruhrgebiet Verbandsliga Gruppe 2 1819"]
[Site "Nordrheinwestfalen"]
[Date "2018.12.02"]
[Round "4"]
[White "Hajra, Hetem"]
[Black "Kucheyda, Joerg"]
[Result "1-0"]
[WhiteElo "1937"]
[BlackElo "1944"]
[PlyCount "85"]
[EventDate "2018.09.23"]
[EventType "team-tourn"]
[EventRounds "9"]
[EventCountry "GER"]
[SourceTitle "EXT 2022"]
[Source "ChessBase"]
[SourceDate "2021.10.06"]
[SourceVersion "1"]
[SourceVersionDate "2021.10.06"]
[SourceQuality "1"]
[WhiteTeam "Recklinghausen Sued"]
[BlackTeam "Gladbeck SG"]
[WhiteTeamCountry "GER"]
[BlackTeamCountry "GER"]

1. e4 e6 2. d4 d5 3. exd5 exd5 4. Nf3 Bd6 5. Bg5 Ne7 6. Bd3 Bg4 7. c3 Nbc6 8. Nbd2 Qd7 9. h3 Bh5 10. Qe2 f6 11. Be3 0-0-0 12. g4 Bg6 13. 0-0-0 Bxd3 14. Qxd3 Kb8 15. Nh4 Nc8 16. Nf5 Nb6 17. Nxd6 Qxd6 18. Qf5 Na5 19. Rde1 Nac4 20. Bf4 Qc6 21. Re7 g6 22. Rxc7 gxf5 23. Rxc6+ Ka8 24. Rxf6 fxg4 25. hxg4 Rde8 26. b3 Na5 27. Be3 Rc8 28. Kb2 Rc7 29. Rh3 Rhc8 30. Bf4 Re7 31. Be5 Nc6 32. f4 Nd7 33. Rfh6 Ndxe5 34. dxe5 d4 35. c4 Rf7 36. Rf6 Rg7 37. g5 Nxe5 38. fxe5 Rxg5 39. e6 Rg2 40. Kc2 b5 41. Kd3 bxc4+ 42. Nxc4 Rxa2 43. e7 1-0

[Event "Ruhrgebiet Verbandsliga Gruppe 2 1819"]
[Site "Nordrheinwestfalen"]
[Date "2018.09.23"]
[Round "1.5"]
[White "Wastian, Jan"]
[Black "Kucheyda, Joerg"]
[Result "1/2-1/2"]
[WhiteElo "1987"]
[BlackElo "1945"]
[PlyCount "90"]
[EventDate "2018.09.23"]
[EventType "team-tourn"]
[EventRounds "9"]
[EventCountry "GER"]
[SourceTitle "EXT 2022"]
[Source "ChessBase"]
[SourceDate "2021.10.06"]
[SourceVersion "1"]
[SourceVersionDate "2021.10.06"]
[SourceQuality "1"]
[WhiteTeam "Brackel SF III"]
[BlackTeam "Gladbeck SG"]
[WhiteTeamCountry "GER"]
[BlackTeamCountry "GER"]

1. e4 e6 2. Nf3 d5 3. Nc3 Nf6 4. e5 Nfd7 5. d4 c5 6. Bg5 Qa5 7. Bd2 cxd4 8. Nb5 Qb6 9. Nbxd4 Nc6 10. Nxc6 bxc6 11. Rb1 Bc5 12. Qe2 a5 13. Be3 d4 14. Bf4 Ba6 15. Qd1 d3 16. Qd2 dxc2 17. Qxc2 Bb4+ 18. Bd2 Bxf1 19. Kxf1 Qb5+ 20. Kg1 Bxd2 21. Qxd2 Nxe5 22. Nxe5 Qxe5 23. h4 0-0 24. Rh3 Rfd8 25. Qc2 Qf5 26. Qxf5 exf5 27. Rc3 Rd6 28. Rbc1 Ra6 29. Rc5 g6 30. R1c3 Rd1+ 31. Kh2 Rd2 32. Rc2 Rxc2 33. Rxc2 h5 34. Kg3 Kg7 35. Kf4 Kf6 36. Ke3 Ke5 37. Kd3 Kd5 38. Kc3 Rb6 39. Rd2+ Ke6 40. Re2+ Kf6 41. a3 Rb5 42. Re8 Rc5+ 43. Kd3 Rd5+ 44. Kc3 f4 45. Re4 Kf5 1/2-1/2

[Event "Ruhrgebiet Verbandsliga Gruppe 2 1718"]
[Site "Germany"]
[Date "2018.02.04"]
[Round "6.6"]
[White "Kucheyda, Joerg"]
[Black "Biermann, Lenhard"]
[Result "1-0"]
[WhiteElo "1939"]
[BlackElo "1914"]
[PlyCount "135"]
[EventDate "2017.09.17"]
[EventType "team-tourn"]
[EventRounds "9"]
[EventCountry "GER"]
[SourceTitle "EXT 2022"]
[Source "ChessBase"]
[SourceDate "2021.10.06"]
[SourceVersion "1"]
[SourceVersionDate "2021.10.06"]
[SourceQuality "1"]
[WhiteTeam "Gladbeck SG"]
[BlackTeam "Bochum SG III"]
[WhiteTeamCountry "GER"]
[BlackTeamCountry "GER"]

1. d4 e6 2. c4 b6 3. Nf3 Bb7 4. g3 Bb4+ 5. Bd2 Bxf3 6. exf3 Bxd2+ 7. Nxd2 Ne7 8. Bg2 d5 9. 0-0 0-0 10. Rc1 Nd7 11. f4 Nf6 12. c5 c6 13. Re1 Nd7 14. Nb3 Rb8 15. Qe2 Qc8 16. Bh3 Re8 17. Rc3 Kf8 18. Qc2 g6 19. Rce3 Nf6 20. f3 Qc7 21. Qe2 Kg7 22. Re5 h5 23. Qd2 Ra8 24. Nc1 bxc5 25. dxc5 d4 26. f5 exf5 27. Qxd4 Rad8 28. Qa4 Ned5 29. Rxe8 Rxe8 30. Rxe8 Nxe8 31. Qd4+ Nef6 32. Bf1 Qa5 33. a3 Qe1 34. Nd3 Qd1 35. Qf2 Nd7 36. b4 Kh7 37. Qe2 Qxe2 38. Bxe2 Kg7 39. Kf2 Nc3 40. Nb2 Kf6 41. f4 Ke7 42. Bf3 Nb8 43. Ke3 Kd7 44. Nc4 f6 45. Kd3 Nb5 46. a4 Nc7 47. Na5 a6 48. Kc4 Ne6 49. Nb7 Kc7 50. Nd6 Nd7 51. a5 h4 52. Be2 hxg3 53. hxg3 g5 54. fxg5 fxg5 55. Nxf5 Nb8 56. Nd4 Nf8 57. Kc3 Kd7 58. Bg4+ Ke7 59. Bc8 Kd8 60. Ne6+ Kxc8 61. Nxf8 Kd8 62. Ne6+ Ke7 63. Nxg5 Kf6 64. Ne4+ Kf5 65. Kd4 Nd7 66. Nd6+ Kg4 67. Nc8 Kxg3 68. Ne7 1-0

[Event "Ruhrgebiet Verbandsliga Gruppe 2 1718"]
[Site "Germany"]
[Date "2017.09.17"]
[Round "1.5"]
[White "Hoefker, Mathias"]
[Black "Kucheyda, Joerg"]
[Result "1-0"]
[WhiteElo "2047"]
[BlackElo "1939"]
[PlyCount "63"]
[EventDate "2017.09.17"]
[EventType "team-tourn"]
[EventRounds "9"]
[EventCountry "GER"]
[SourceTitle "EXT 2022"]
[Source "ChessBase"]
[SourceDate "2021.10.06"]
[SourceVersion "1"]
[SourceVersionDate "2021.10.06"]
[SourceQuality "1"]
[WhiteTeam "Recklinghausen Sued"]
[BlackTeam "Gladbeck SG"]
[WhiteTeamCountry "GER"]
[BlackTeamCountry "GER"]

1. d4 Nf6 2. Nf3 g6 3. Bg5 Bg7 4. Nbd2 d6 5. e3 Nbd7 6. Be2 b6 7. 0-0 Bb7 8. c3 h6 9. Bh4 g5 10. Bg3 Nf8 11. Qa4+ c6 12. e4 N6d7 13. Rfe1 Ng6 14. Rad1 0-0 15. Nf1 e5 16. Ne3 Qc7 17. Nf5 Nf4 18. Bf1 Rfe8 19. h4 g4 20. Nh2 h5 21. f3 gxf3 22. Nxf3 Bf8 23. Qc2 Re6 24. Qd2 Ng6 25. Qg5 Nf6 26. dxe5 dxe5 27. Bc4 Nh7 28. Qxh5 Rf6 29. Ng5 Bc5+ 30. Kh2 Ngf8 31. Nxf7 b5 32. Bb3 1-0

[Event "Ruhrgebiet Verbandsliga Gruppe 2 1617"]
[Site "Germany"]
[Date "2016.12.18"]
[Round "5.6"]
[White "Kucheyda, Joerg"]
[Black "Klaus, Michael"]
[Result "1/2-1/2"]
[WhiteElo "1916"]
[BlackElo "1867"]
[PlyCount "74"]
[EventDate "2016.09.04"]
[EventType "team-tourn"]
[EventRounds "9"]
[EventCountry "GER"]
[SourceTitle "EXT 2022"]
[Source "ChessBase"]
[SourceDate "2021.10.06"]
[SourceVersion "1"]
[SourceVersionDate "2021.10.06"]
[SourceQuality "1"]
[WhiteTeam "Gladbeck SG"]
[BlackTeam "Hamm Koenigsspringer"]
[WhiteTeamCountry "GER"]
[BlackTeamCountry "GER"]

1. d4 d5 2. c4 c6 3. Nc3 Nf6 4. Nf3 h6 5. cxd5 cxd5 6. g3 Nc6 7. Bg2 e6 8. 0-0 Bd6 9. Re1 0-0 10. a3 Bd7 11. e4 dxe4 12. Nxe4 Nxe4 13. Rxe4 Ne7 14. Ne5 Bxe5 15. dxe5 Bc6 16. Rd4 Qb6 17. Rb4 Qc7 18. Qh5 Ng6 19. Bf4 Rad8 20. Rc1 Qd7 21. Bxc6 bxc6 22. Rbc4 Rc8 23. Rd1 Qb7 24. Rb4 Qc7 25. Rd6 Rfd8 26. Rbd4 Qb6 27. Rb4 Qc5 28. Qd1 Rxd6 29. Qxd6 Qc2 30. Qd7 Rf8 31. Qxa7 Qd1+ 32. Kg2 Qd5+ 33. f3 Nxe5 34. Bxe5 Qxe5 35. Qd4 Qg5 36. Qd6 Qc1 37. Rb8 Qd2+ 1/2-1/2

[Event "Ruhrgebiet Regionalliga 1516"]
[Site "Germany"]
[Date "2015.10.18"]
[Round "2.6"]
[White "Strathoff, Martin"]
[Black "Kucheyda, Joerg"]
[Result "1-0"]
[WhiteElo "2038"]
[BlackElo "1941"]
[PlyCount "107"]
[EventDate "2015.09.13"]
[EventType "team-tourn"]
[EventRounds "9"]
[EventCountry "GER"]
[SourceTitle "EXT 2022"]
[Source "ChessBase"]
[SourceDate "2021.10.06"]
[SourceVersion "1"]
[SourceVersionDate "2021.10.06"]
[SourceQuality "1"]
[WhiteTeam "Brackel SF"]
[BlackTeam "Gladbeck SG"]
[WhiteTeamCountry "GER"]
[BlackTeamCountry "GER"]

1. d4 Nf6 2. c4 g6 3. Nc3 Bg7 4. e4 d6 5. Nf3 0-0 6. Be2 c5 7. d5 Na6 8. 0-0 Nc7 9. Ne1 a6 10. a4 Rb8 11. a5 Bd7 12. f4 b5 13. axb6 Rxb6 14. e5 Nfe8 15. Nf3 Bg4 16. Re1 Bxf3 17. Bxf3 f6 18. exd6 exd6 19. f5 Qd7 20. Bg4 g5 21. Qd3 Rb4 22. Bd1 Qf7 23. g4 Kh8 24. Na4 Rg8 25. Bd2 Rb7 26. Ba5 Bf8 27. Nb6 Rg7 28. Ba4 h5 29. Bc6 Rb8 30. h3 Rh7 31. Kg2 Kg8 32. b3 hxg4 33. hxg4 Rh4 34. Qg3 Ng7 35. Nd7 Rxb3 36. Qxb3 Rxg4+ 37. Kf2 Rf4+ 38. Ke2 Qh5+ 39. Kd2 Nce8 40. Rad1 Qh2+ 41. Kc1 Rf2 42. Qd3 g4 43. Rg1 Rf4 44. Bd2 Rd4 45. Qc3 Nxf5 46. Nxf8 Kxf8 47. Bxe8 Kxe8 48. Rde1+ Kf7 49. Rh1 Qg2 50. Qc2 Ng7 51. Rh7 Qg3 52. Kb2 Qf2 53. Rxg7+ Kf8 54. Rg8+ 1-0

[Event "Ruhrgebiet Verbandsliga2 1112"]
[Site "Nordrheinwestfalen"]
[Date "2012.02.12"]
[Round "6.3"]
[White "Kucheyda, Joerg"]
[Black "Schulz, Hartmut"]
[Result "1/2-1/2"]
[WhiteElo "2020"]
[BlackElo "2046"]
[PlyCount "44"]
[EventDate "2011.09.18"]
[EventType "team-tourn"]
[EventRounds "9"]
[EventCountry "GER"]
[SourceTitle "EXT 2020"]
[Source "ChessBase"]
[SourceDate "2019.10.17"]
[SourceVersion "1"]
[SourceVersionDate "2019.10.17"]
[SourceQuality "1"]
[WhiteTeam "Gladbeck SG"]
[BlackTeam "Doppelbauer Brambauer"]
[WhiteTeamCountry "GER"]
[BlackTeamCountry "GER"]

1. d4 d5 2. c4 e6 3. Nc3 c6 4. Nf3 f5 5. cxd5 exd5 6. Bg5 Nf6 7. g3 Bd6 8. Bg2 0-0 9. 0-0 Qe8 10. Bxf6 Rxf6 11. e3 Nd7 12. Ne2 Rh6 13. Nf4 Nf6 14. Nd3 Ng4 15. Re1 Qh5 16. h3 Nf6 17. Nfe5 Qe8 18. Rc1 Ne4 19. b4 Be6 20. a4 Rb8 21. Rc2 Ng5 22. h4 Ne4 1/2-1/2

[Event "Ruhrgebiet Verbandsliga2 1011"]
[Site "Nordrheinwestfalen"]
[Date "2010.10.24"]
[Round "2.4"]
[White "Kucheyda, Joerg"]
[Black "Trzaska, Peter"]
[Result "0-1"]
[WhiteElo "2042"]
[BlackElo "2073"]
[PlyCount "68"]
[EventDate "2010.09.12"]
[EventType "team-tourn"]
[EventRounds "9"]
[EventCountry "GER"]
[SourceTitle "EXT 2020"]
[Source "ChessBase"]
[SourceDate "2019.10.17"]
[SourceVersion "1"]
[SourceVersionDate "2019.10.17"]
[SourceQuality "1"]
[WhiteTeam "Gladbeck SG"]
[BlackTeam "Herne Sodingen II"]
[WhiteTeamCountry "GER"]
[BlackTeamCountry "GER"]

1. d4 c5 2. d5 e5 3. e4 d6 4. Nc3 a6 5. a4 Be7 6. f4 exf4 7. Bxf4 Bf6 8. Nf3 Bg4 9. Bd3 Ne7 10. Qd2 Ng6 11. Bg3 Qe7 12. 0-0 Nd7 13. e5 Ngxe5 14. Nxe5 Bxe5 15. Rae1 0-0 16. Ne4 f6 17. c3 Bh5 18. b4 cxb4 19. cxb4 Bg6 20. Kh1 Rac8 21. b5 axb5 22. Bxb5 Nc5 23. Nxc5 Rxc5 24. Bxe5 fxe5 25. Rxf8+ Qxf8 26. Rf1 Qe7 27. Qa5 Qc7 28. Qa8+ Qc8 29. Qa7 h6 30. Qb6 Qc7 31. Qa7 Rc1 32. Qa8+ Kh7 33. Rxc1 Qxc1+ 34. Bf1 Qxf1# 0-1

[Event "Ruhrgebiet VL2 0910"]
[Site "Germany"]
[Date "2009.09.06"]
[Round "1.5"]
[White "Kucheyda, Joerg"]
[Black "Pruefer, Wolfgang"]
[Result "1-0"]
[WhiteElo "2103"]
[BlackElo "2029"]
[PlyCount "37"]
[EventDate "2009.09.06"]
[EventType "team-tourn"]
[EventRounds "9"]
[EventCountry "GER"]
[SourceTitle "EXT 2011"]
[Source "ChessBase"]
[SourceDate "2010.11.26"]
[SourceVersion "1"]
[SourceVersionDate "2010.11.26"]
[SourceQuality "1"]
[WhiteTeam "Gladbeck SG"]
[BlackTeam "Oberhausen II"]
[WhiteTeamCountry "GER"]
[BlackTeamCountry "GER"]

1. d4 d5 2. c4 e6 3. Nc3 f5 4. h3 Nf6 5. g4 c6 6. Bg2 dxc4 7. Qa4 Qxd4 8. Be3 Qd6 9. Qxc4 e5 10. Rd1 Be6 11. Qa4 Qb4 12. Qc2 fxg4 13. hxg4 Nbd7 14. g5 Nd5 15. Bd2 Nxc3 16. Bxc3 Qg4 17. Bh3 Qh5 18. Bxe6 Qxh1 19. Bxd7+ 1-0

[Event "Ruhrgebiet Regionalliga 0708"]
[Site "Germany"]
[Date "2008.05.04"]
[Round "9.3"]
[White "Erwich, Frank"]
[Black "Kucheyda, Joerg"]
[Result "1-0"]
[WhiteElo "2346"]
[BlackElo "2177"]
[PlyCount "107"]
[EventDate "2007.09.16"]
[EventType "team"]
[EventRounds "9"]
[EventCountry "GER"]
[SourceTitle "EXT 2009"]
[Source "ChessBase"]
[SourceDate "2008.11.26"]
[SourceVersion "1"]
[SourceVersionDate "2008.11.26"]
[SourceQuality "1"]
[WhiteTeam "Erkenschwick"]
[BlackTeam "Gladbeck SG"]
[WhiteTeamCountry "GER"]
[BlackTeamCountry "GER"]

1. c4 Nf6 2. Nc3 c5 3. Nf3 b6 4. e4 d6 5. d4 cxd4 6. Nxd4 Bb7 7. Bd3 e6 8. 0-0 Be7 9. f4 Nbd7 10. Qe2 Nc5 11. Bc2 0-0 12. Rd1 a6 13. e5 Ne8 14. b4 Nd7 15. Qg4 Qc7 16. Bb2 Qxc4 17. Qh3 g6 18. Bb3 Qxb4 19. Na4 Rc8 20. Nxe6 b5 21. Rd4 Qa5 22. Bc3 Rxc3 23. Qxc3 Qxc3 24. Nxc3 fxe6 25. Bxe6+ Kg7 26. Bxd7 dxe5 27. Rdd1 Bc5+ 28. Kh1 Bd4 29. Rac1 Rf6 30. Ne2 Bb6 31. Rd6 Ba5 32. fxe5 Rf7 33. Nd4 Rf2 34. Bc6 Nxd6 35. exd6 Bxc6 36. Nxc6 Bb6 37. Rd1 Rxa2 38. d7 a5 39. d8Q Bxd8 40. Nxd8 b4 41. Ne6+ Kf6 42. Nd4 a4 43. Rf1+ Kg7 44. Ne6+ Kh6 45. g4 b3 46. Rf3 Ra1+ 47. Kg2 Ra2+ 48. Kg3 Ra1 49. Kf4 g5+ 50. Kf5 Rf1 51. Rxf1 b2 52. Kf6 a3 53. Nd8 b1Q 54. Nf7# 1-0

[Event "Ruhrgebiet Regionalliga 0708"]
[Site "Germany"]
[Date "2008.02.24"]
[Round "6.3"]
[White "Zelbel, Patrick"]
[Black "Kucheyda, Joerg"]
[Result "1-0"]
[WhiteElo "2193"]
[BlackElo "2177"]
[PlyCount "113"]
[EventDate "2007.09.16"]
[EventType "team"]
[EventRounds "9"]
[EventCountry "GER"]
[SourceTitle "EXT 2009"]
[Source "ChessBase"]
[SourceDate "2008.11.26"]
[SourceVersion "1"]
[SourceVersionDate "2008.11.26"]
[SourceQuality "1"]
[WhiteTeam "Brackel"]
[BlackTeam "Gladbeck SG"]
[WhiteTeamCountry "GER"]
[BlackTeamCountry "GER"]

1. e4 e6 2. d4 d5 3. Nd2 Nf6 4. e5 Nfd7 5. Bd3 c5 6. c3 Nc6 7. Ndf3 cxd4 8. cxd4 Bb4+ 9. Bd2 Qb6 10. Bxb4 Qxb4+ 11. Qd2 f6 12. exf6 Nxf6 13. a3 Qxd2+ 14. Kxd2 0-0 15. Ne2 Bd7 16. b4 Be8 17. h3 Bh5 18. g4 Bg6 19. Bxg6 hxg6 20. Ke3 Ne4 21. Rhf1 Nd6 22. Nd2 e5 23. dxe5 Nxe5 24. f4 Nec4+ 25. Nxc4 Nxc4+ 26. Kd3 Rae8 27. Nc3 Re3+ 28. Kd4 Rfe8 29. Ra2 Nb6 30. a4 Rxh3 31. a5 Nc4 32. Nxd5 Ne3 33. Nxe3 Rhxe3 34. Kc5 R3e4 35. Kb5 Rd8 36. Rc2 Rdd4 37. Rc8+ Kf7 38. Rc7+ Kf8 39. Rxb7 Rxb4+ 40. Ka6 Rxb7 41. Kxb7 Re7+ 42. Ka6 Kf7 43. Rb1 Re4 44. Rb7+ Kf8 45. Kxa7 Rxf4 46. a6 Rxg4 47. Kb8 Ra4 48. a7 Kg8 49. a8Q Rxa8+ 50. Kxa8 g5 51. Rb5 Kf7 52. Rxg5 Kf6 53. Rc5 g5 54. Kb7 Kg6 55. Kc6 Kh5 56. Kd5 Kg4 57. Ke4 1-0

[Event "Ruhrgebiet Regionalliga 0405"]
[Site "Ruhrgebiet"]
[Date "2005.04.17"]
[Round "9.4"]
[White "Bobzin, Pierre David"]
[Black "Kucheyda, Joerg"]
[Result "0-1"]
[WhiteElo "2189"]
[BlackElo "2031"]
[PlyCount "27"]
[EventDate "2004.09.19"]
[EventType "team"]
[EventRounds "9"]
[EventCountry "GER"]
[SourceTitle "EXT 2006"]
[Source "ChessBase"]
[SourceDate "2005.11.24"]
[SourceVersion "1"]
[SourceVersionDate "2005.11.24"]
[SourceQuality "1"]
[WhiteTeam "Holsterhausen"]
[BlackTeam "Gladbeck SG"]
[WhiteTeamCountry "GER"]
[BlackTeamCountry "GER"]

1. Nf3 Nf6 2. g3 g6 3. Bg2 Bg7 4. 0-0 0-0 5. d3 c5 6. e4 d6 7. Nbd2 Nc6 8. a4 a6 9. Nc4 Be6 10. Ng5 Bd7 11. a5 Rc8 12. Bd2 h6 13. Nh3 Ng4 14. f3 0-1

[Event "Ruhrgebiet Regionalliga 0405"]
[Site "Ruhrgebiet"]
[Date "2005.02.06"]
[Round "6.4"]
[White "Kucheyda, Joerg"]
[Black "Nissen, Claus"]
[Result "1-0"]
[WhiteElo "2031"]
[BlackElo "2106"]
[PlyCount "149"]
[EventDate "2004.09.19"]
[EventType "team"]
[EventRounds "9"]
[EventCountry "GER"]
[SourceTitle "EXT 2006"]
[Source "ChessBase"]
[SourceDate "2005.11.24"]
[SourceVersion "1"]
[SourceVersionDate "2005.11.24"]
[SourceQuality "1"]
[WhiteTeam "Gladbeck SG"]
[BlackTeam "Essen Ueberruhr"]
[WhiteTeamCountry "GER"]
[BlackTeamCountry "GER"]

1. d4 e6 2. c4 d5 3. Nc3 c5 4. cxd5 exd5 5. Nf3 Nc6 6. e3 Nf6 7. a3 a6 8. Be2 Bf5 9. 0-0 Bd6 10. dxc5 Bxc5 11. b4 Ba7 12. b5 axb5 13. Nxb5 0-0 14. Nxa7 Rxa7 15. Bb2 Ne4 16. Nd4 Qd7 17. Rc1 f6 18. Nxf5 Qxf5 19. Bg4 Qg5 20. Be6+ Kh8 21. Qxd5 f5 22. Rfd1 Ra5 23. Qd7 Rb5 24. Ba1 f4 25. exf4 Qh6 26. f5 Qg5 27. Qd3 Rc5 28. Rb1 Qf4 29. Qe3 Qxe3 30. fxe3 Nc3 31. Rxb7 Nd8 32. Bxc3 Rxc3 33. Rb3 Rc5 34. Rbd3 Nxe6 35. fxe6 Re5 36. Rd8 Kg8 37. Rxf8+ Kxf8 38. Rd8+ Ke7 39. Rd7+ Kf8 40. e7+ Ke8 41. Rd3 Rc5 42. Kf2 Rc2+ 43. Kf3 Ra2 44. h4 Kxe7 45. g4 Ke6 46. Rb3 h6 47. h5 Kf7 48. Ke4 Kf6 49. Rb6+ Kf7 50. Ra6 Ra1 51. Ke5 Rg1 52. Ra7+ Kf8 53. Ke6 Kg8 54. Kf5 Rf1+ 55. Ke4 Rg1 56. Kf3 Rf1+ 57. Kg2 Rf6 58. Ra4 Rc6 59. Kf3 Rc1 60. e4 Rf1+ 61. Ke3 Kf7 62. Ra6 Rg1 63. Kf4 Rf1+ 64. Ke5 Rg1 65. Ra7+ Kf8 66. Kf5 Rf1+ 67. Ke6 Kg8 68. Ra8+ Kh7 69. e5 Rf4 70. Kd7 Rd4+ 71. Kc6 Rc4+ 72. Kd5 Rxg4 73. e6 Rg1 74. e7 Rd1+ 75. Kc4 1-0

[Event "Ruhrgebiet VL2 0304"]
[Site "Ruhrgebiet"]
[Date "2004.03.28"]
[Round "8.4"]
[White "Kucheyda, Joerg"]
[Black "Kauder, Hartmut"]
[Result "0-1"]
[WhiteElo "2059"]
[BlackElo "2150"]
[PlyCount "92"]
[EventDate "2003.09.28"]
[EventType "team"]
[EventRounds "9"]
[EventCountry "GER"]
[SourceTitle "EXT 2007"]
[Source "ChessBase"]
[SourceDate "2006.11.23"]
[SourceVersion "1"]
[SourceVersionDate "2006.11.23"]
[SourceQuality "1"]
[WhiteTeam "Gladbeck SG"]
[BlackTeam "Hamm 45/58"]
[WhiteTeamCountry "GER"]
[BlackTeamCountry "GER"]

1. d4 f5 2. c4 Nf6 3. Nf3 g6 4. Nc3 Bg7 5. h4 d6 6. h5 Nxh5 7. e4 0-0 8. Bd3 f4 9. Ng5 e5 10. Rxh5 gxh5 11. Qxh5 h6 12. Nf3 Qe8 13. Qh2 Qf7 14. Bd2 Nc6 15. Ne2 Bg4 16. d5 Ne7 17. 0-0-0 Ng6 18. Kb1 Qf6 19. Rh1 Rf7 20. Nc1 b6 21. Ne1 Bf8 22. f3 Bd7 23. g4 Rh7 24. Ng2 Be7 25. Qg1 Qf7 26. Rh5 Bg5 27. Be1 Qe7 28. Qh2 Kg7 29. Bc3 Rf8 30. Ne2 Kg8 31. Ng1 Bxg4 32. fxg4 f3 33. Nh3 fxg2 34. Qxg2 Qf6 35. Kc2 Nf4 36. Nxf4 Qxf4 37. Bd2 Qf2 38. Rh2 Qxg2 39. Rxg2 Bxd2 40. Kxd2 Rhf7 41. Be2 Rf2 42. Rg3 Rh2 43. b4 Rff2 44. Re3 Kg7 45. a4 Kg6 46. Ke1 Kg5 0-1